Irlanda del Norte una historia de guerra y la búsqueda de la paz (Registro nro. 73251)

Detalles MARC
000 -ENCABEZADO
Número de control [NR] 00939nam a2200229Ia 4500
008 - DE LONGITUD FIJA DE DATOS DE ELEMENTOS - INFORMACIÓN GENERAL
Elementos de longitud fija [NR] 130821s2001 sp aob gr spa
020 ## - NUMERO INTERNACIONAL NORMALIZADO PARA LIBROS [R]
Número Internacional Normalizado del libro [NR] 8474915996
040 ## - FUENTE DE CATALOGACION [NR]
Agencia de catalogación original [NR] Co-BoUCM
Idioma de catalogación [NR] spa
041 00 - CODIGO DE IDIOMA [R]
Código de idioma para texto/pista de sonido o título separado [R] Español
100 1# - ASIENTO PRINCIPAL--NOMBRE PERSONAL [NR]
Nombre personal [NR] Alonso Pascual, Rogelio
ID Autoridad 168534
245 10 - MENCION DE TITULO [NR]
Título [NR] Irlanda del Norte una historia de guerra y la búsqueda de la paz
Mención de responsabilidad, etc. [NR] Rogelio Alonso Pascual
260 ## - PUBLICACION, DISTRIBUCION, ETC. (PIE DE IMPRENTA) [R]
Lugar de publicación, distribución, etc. [R] Madrid (España)
Nombre del editor, distribuidor, etc. [R] Editorial Complutense
Fecha de publicación, distribución, etc. [R] 2001
300 ## - DESCRIPCION FISICA [R]
Extensión [R] xxviii, 456 páginas
Otros detalles físicos [NR] mapas, fotografías
504 ## - NOTA DE BIBLIOGRAFIA, ETC. [R]
Nota de bibliografía, etc. [NR]
650 04 - ASIENTO SECUNDARIO DE MATERIA - TERMINO TEMATICO [R]
Término temático o nombre geográfico como elemento de entrada [NR] Guerra
Subdivisión geográfica [R] Irlanda del Norte
Subdivisión cronológica [R] Siglo XX
9 (RLIN) 16573
650 04 - ASIENTO SECUNDARIO DE MATERIA - TERMINO TEMATICO [R]
Término temático o nombre geográfico como elemento de entrada [NR] Historia de Europa
9 (RLIN) 26509
650 04 - ASIENTO SECUNDARIO DE MATERIA - TERMINO TEMATICO [R]
Término temático o nombre geográfico como elemento de entrada [NR] Nacionalismo
Subdivisión geográfica [R] Irlanda del Norte
Subdivisión cronológica [R] Siglo XX
9 (RLIN) 20063
650 04 - ASIENTO SECUNDARIO DE MATERIA - TERMINO TEMATICO [R]
Término temático o nombre geográfico como elemento de entrada [NR] Violencia política
Subdivisión geográfica [R] Irlanda del Norte
Subdivisión cronológica [R] Siglo XX
9 (RLIN) 26287
651 #4 - ASIENTO SECUNDARIO DE MATERIA - NOMBRE GEOGRAFICO [R]
Nombre geográfico [NR] Irlanda del Norte
Subdivisión general [R] Política y gobierno
Subdivisión cronológica [R] Siglo XX
9 (RLIN) 27019
942 ## - ELEMENTOS DE ENTRADA AGREGADOS (KOHA)
Tipo de ítem principal el descrito en 300a Libro
Sistema de clasificación DEWEY
Tema principal Historia
Edición 1
Clasificación 941.60824
Parte restante de la signatura top. A454i
Existencias
Fecha de último préstamo Total préstamos Signatura topográfica Código de barras Última vez visto Ejemplar Price effective from Tipo de ítem Perdido Sistema de clasificación Dañado No prestable Tipo de ítem específico Suprimido Ubicación habitual Ubicación actual Localización Fecha de creación Forma de adquisición Costo
11/08/2025 5 941.60824 A454i 100120174 09/12/2025 Ej.1 03/02/2013 Libro   DEWEY     Libro   Claustro Claustro 2do piso 30/09/2011 Compra 144000.00